Diversity and inclusion : (Record no. 75351)

MARC details
000 -LEADER
fixed length control field 00642nam a22001937a 4500
005 - DATE AND TIME OF LATEST TRANSACTION
control field 20130516144025.0
010 ## - LCCN (DPL NO)
LC control number ENG-107026
020 ## - INTERNATIONAL STANDARD BOOK NUMBER
International Standard Book Number 9788184050745
Terms of availability 495.00
035 ## - SYSTEM CONTROL NUMBER
System control number EN-90559
037 ## - SOURCE OF ACQUISITION
Source of stock number/acquisition DBAD/PUB
082 ## - DEWEY DECIMAL CLASSIFICATION NUMBER
Classification number 658.30080954
245 ## - TITLE STATEMENT
Title Diversity and inclusion :
Statement of responsibility, etc edited by Deepak Dogra
Remainder of title reflections on benchmarking practices in Indian organisation /
260 ## - PUBLICATION, DISTRIBUTION, ETC. (IMPRINT)
Place of publication, distribution, etc New Delhi
Name of publisher, distributor, etc Reference Press
Date of publication, distribution, etc 2012
270 ## - ADDRESS
Address 4831/24, Ansari Road, Daryaganj
City New Delhi
Postal code 110002
300 ## - PHYSICAL DESCRIPTION
Extent xiv,164p.:
Other physical details ill.
Dimensions 22cm(Hb)
500 ## - GENERAL NOTE
General note Includes index
700 ## - ADDED ENTRY--PERSONAL NAME
Personal name Dogra, Deepak
942 ## - ADDED ENTRY ELEMENTS (KOHA)
Source of classification or shelving scheme Dewey Decimal Classification
Item type English Books
Classification part 658.30080954
Call number suffix DOG
Holdings
Withdrawn status Lost status Not for loan Collection code Home library Current library Date acquired Source of acquisition Cost, normal purchase price Full call number Barcode Copy number Cost, replacement price Koha item type
    Not For Loan Non-fiction D.B.Act.Division D.B.Act.Division 09/05/2013 DBAD 495.00 658.30080954 DOG EN-90559 1 495.00 English Books

© Delhi Public Library
Hit Counter
free hit counter